000
00258nam a2200109Ia 4500
008
190914s9999||||xx |||||||||||||| ||und||
100
_a
Hart, Wilson, Keers
245
0
_a
Budgeting Principles
260
_a
Canada
_b
Pearson
_c
1983
300
_a
416
942
_c
BK
999
_c
9772
_d
9772